Statistics for Most Spoken African Languages in the World

Click here to take the quiz!

General Stats

  • This quiz has been taken 328 times
    (307 since last reset)
  • The average score is 8 of 15

Answer Stats

SpeakersLanguage% Correct
295,000,000Arabic
95%
10,400,000Zulu
85%
25,000,000Amharic
77%
28,000,000Yoruba
76%
24,000,000Igbo
75%
34,000,000Hausa
73%
15,000,000Somali
66%
24,000,000Oromo
55%
24,000,000Fula
49%
18,000,000Malagasy
43%
8,300,000Shona
40%
9,800,000Kinyarwanda
31%
8,800,000Kirundi
30%
12,000,000Chewa
28%
11,000,000Akan
23%

Score Distribution

Percentile by Number Answered

Percent of People with Each Score

Your Score History

You have not taken this quiz since the last reset